यायावर शब्दशिल्पी/ (Record no. 197315)

MARC details
000 -LEADER
fixed length control field 00986nam a22001817a 4500
005 - DATE AND TIME OF LATEST TRANSACTION
control field 20231114152123.0
010 ## - LCCN (DPL NO)
LC control number B-755533
020 ## - INTERNATIONAL STANDARD BOOK NUMBER
International Standard Book Number 9789355620125
Terms of availability 350.00
035 ## - SYSTEM CONTROL NUMBER
System control number B-755533
082 ## - DEWEY DECIMAL CLASSIFICATION NUMBER
Classification number 824
245 ## - TITLE STATEMENT
Title यायावर शब्दशिल्पी/
Remainder of title पं. बनारसीदास चतुर्वेदी;
Statement of responsibility, etc आशुतोष चतुर्वेदी द्वारा संपादित
260 ## - PUBLICATION, DISTRIBUTION, ETC. (IMPRINT)
Place of publication, distribution, etc नई दिल्ली
Name of publisher, distributor, etc प्रभात प्रकाशन प्रा. लि.
Date of publication, distribution, etc 2022
270 ## - ADDRESS
City नई दिल्ली
Address 4/19 आसफ अलीरोड
Postal code 110002
Electronic mail address prabhatbooks@gmail.com
300 ## - PHYSICAL DESCRIPTION
Extent 183 पृ.
Dimensions 22 सेमी (सजिल्द)
700 ## - ADDED ENTRY--PERSONAL NAME
Personal name चतुर्वदी ,आशुतोष
Relator term संपादक
9 (RLIN) 58621
942 ## - ADDED ENTRY ELEMENTS (KOHA)
Source of classification or shelving scheme Dewey Decimal Classification
Item type Hindi Books
Classification part 824
Call number suffix चतुर्वे
Holdings
Withdrawn status Lost status Not for loan Home library Current library Date acquired Source of acquisition Cost, normal purchase price Full call number Barcode Copy number Cost, replacement price Koha item type
      Central Library Central Library 07/08/2023 उपहार 350.00 920 तुवेर्दी B-755533 1 350.00 Hindi Books

© Delhi Public Library
Hit Counter
free hit counter